01136nab a22002177a 4500003000400000005001700004008004100021040000700062100003300069245014600102300001300248500003600261505019900297505014700496650002300643650002700666650001400693650003300707650002900740773014900769OSt20260101202245.0190514b xxu||||| |||| 00| 0 spa d cPJ aBelloti San Martín, Lucas 13aLa caducidad de instancia y las personas con capacidad menos plena. Crónica de una persistencia inexplicable /cLucas Belloti San Martín. ap. 43-57 aCita: TR LALEY AR/DOC/454/2025. aSumario: I. Caducidad de la instancia. Nociones generales y particularidades frente al proceso con personas sin plena capacidad.— II. El caso.— III. Nuestra opinión.— IV. Conclusiones.  aFallo comentado: CCiv. y Com., Necochea ~ 06/09/2024 ~ V. B. D. c. F. G. S. y otros s/ daños y perj. autom. c/ les. o muerte (exc. estado). 0aDERECHO DE FAMILIA 0aCADUCIDAD DE INSTANCIA 0aCAPACIDAD 0aRESTRICCIONES A LA CAPACIDAD 0aJURISPRUDENCIA APLICABLE0 02844dBuenos Aires : AbeledoPerrot, 1989-tDerecho de familia. Revista Interdisciplinaria de doctrina y jurisprudencia. Abril 2025-II.z18511201